New product developement : from initial idea to product management (Record no. 210123)

MARC details
000 -LEADER
fixed length control field 00514nam a2200169Ia 4500
008 - FIXED-LENGTH DATA ELEMENTS--GENERAL INFORMATION
fixed length control field 231221s9999 xx 000 0 und d
020 ## - INTERNATIONAL STANDARD BOOK NUMBER
International Standard Book Number 9790000000000
041 ## - LANGUAGE CODE
Language code of text/sound track or separate title English
082 ## - DEWEY DECIMAL CLASSIFICATION NUMBER
Classification number 658.5752 ANN;2
100 ## - MAIN ENTRY--PERSONAL NAME
Personal name Annacchino, P E. Marc, A.
245 #0 - TITLE STATEMENT
Title New product developement : from initial idea to product management
260 ## - PUBLICATION, DISTRIBUTION, ETC.
Date of publication, distribution, etc. 2003
Name of publisher, distributor, etc. Butterworth Heinmann
Place of publication, distribution, etc. Burlington
300 ## - PHYSICAL DESCRIPTION
Extent xxxii, 567
300 ## - PHYSICAL DESCRIPTION
Dimensions 55488
650 ## - SUBJECT ADDED ENTRY--TOPICAL TERM
Topical term or geographic name entry element product,developement,initial,idea,product,management
942 ## - ADDED ENTRY ELEMENTS (KOHA)
Koha item type Compact Disks
Holdings
Date last seen Total checkouts Full call number Accession number Price effective from Category Lost status Damaged status Department Withdrawn status Home library Current library Shelving location Entry date Vendor Grants Billnumber Billdate Currency symbol Conversion rate Discount Old discount
26/01/2024   658.5752 ANN;2 CD4240 26/01/2024 Compact Disks     Central Library   Central Library Central Library Central Library   Intact Book House Pvt Ltd MBA 2009/CRB/0000702 22/03/2013 RS 1    

© For any Suggestions or Query, please contact the library staff @ librarian@pes.edu or Phone: +9180 2672 1983/ 2108.